Calciatori del Manchester United nella Squadra dell'anno UEFA - Statistics

Statistiche generali
  • Questo quiz è stato fatto 11 volte
  • Il punteggio medio è 3 su 5
Statistiche sulle risposte
Numero apparizioni Edizioni apparizioni Nazione Calciatore % Corretto
4 2004; 2007; 2008; 2009 Portogallo Cristiano Ronaldo
100%
1 2014 Argentina Ángel Di María
75%
1 2009 Francia Patrice Evra
63%
1 2003 Paesi Bassi Ruud van Nistelrooij
63%
2 2001; 2003 Inghilterra David Beckham
25%
Nessun quiz corrispondente trovato
Distribuzione punteggi
Percentuale di utenti per punteggio
Percentile per numero di risposta
I tuoi punteggi nel tempo
Non hai fatto questo quiz